| 000 | 00891nam a22002657a 4500 | ||
|---|---|---|---|
| 999 |
_c968 _d968 |
||
| 001 | 002123 | ||
| 003 | CoMeUDC | ||
| 005 | 20190122232212.0 | ||
| 008 | 130821s1994 ag gr spa | ||
| 020 | _a9509714518 | ||
| 040 |
_aCo-BoUCM _bspa _c002123 |
||
| 041 | 0 | 0 | _aspa |
| 082 | 0 | 4 |
_a381.34 _220 _bA691d |
| 245 | 0 | 0 |
_aDefensa de los consumidores de productos y servicios / _cDirector Gabriel Stiglitz. |
| 260 |
_aBuenos Aires (Argentina) : _bEdiciones La Rocca, _c1994. |
||
| 300 | _a480 páginas ; | ||
| 504 | _aIncluye bibliografía | ||
| 650 | 0 | 4 |
_aConsumidores _xLegislación _zArgentina _911728 |
| 650 | 0 | 4 |
_aDerecho comercial _912717 |
| 650 | 0 | 4 |
_aDerecho comercial _zArgentina _912717 |
| 650 | 0 | 4 |
_aDerecho privado _9437 |
| 650 | 0 | 4 |
_aMercadeo _xAspectos jurídicos _zArgentina _919305 |
| 700 | 1 |
_aStiglitz, Gabriel _edir. |
|
| 942 |
_cBK _a8 _e1 _mD313 _2ddc _h343.071 |
||